Nové prístupy v modelovaní inštitúcií služieb zamestnanosti vo vybraných krajinách EÚ
Porovnanie súčasnej úrovne inštitútu služieb zamestnanosti troch stredoeurópskych krajín (Slovensko, Česko, Nemecko) a stupeň rozvoja stratégie "New Public Management" v týchto krajinách.
Salvato in:
| Autore principale: | |
|---|---|
| Natura: | Capitolo di libro |
| Lingua: | slovacco |
| Soggetti: | |
| Tags: |
Nessun Tag, puoi essere il primo ad aggiungerne!!
|
MARC
| LEADER | 00000nla a2200000 4500 | ||
|---|---|---|---|
| 001 | 0193188 | ||
| 005 | 20240502083448.4 | ||
| 041 | 0 | |a slo | |
| 044 | |a CZ | ||
| 245 | 1 | 0 | |a Nové prístupy v modelovaní inštitúcií služieb zamestnanosti vo vybraných krajinách EÚ |c Michal Barta |
| 520 | |a Porovnanie súčasnej úrovne inštitútu služieb zamestnanosti troch stredoeurópskych krajín (Slovensko, Česko, Nemecko) a stupeň rozvoja stratégie "New Public Management" v týchto krajinách. | ||
| 610 | 2 | 0 | |a politika zamestnanosti |
| 610 | 2 | 0 | |a služby zamestnanosti |
| 610 | 2 | 0 | |a Slovensko |
| 610 | 2 | 0 | |a Česko |
| 610 | 2 | 0 | |a Nemecko |
| 610 | 2 | 0 | |a porovnanie medzinárodné |
| 610 | 2 | 0 | |a trh práce |
| 100 | 1 | |a Barta, Michal | |